Traditinal culture of the rabhas of Assam : (Record no. 137317)
[ view plain ]
| 000 -LEADER | |
|---|---|
| fixed length control field | 00633nam a22001937a 4500 |
| 005 - DATE AND TIME OF LATEST TRANSACTION | |
| control field | 20230719122119.0 |
| 010 ## - LCCN (DPL NO) | |
| LC control number | ENG-117090 ENG-137464 |
| 020 ## - INTERNATIONAL STANDARD BOOK NUMBER | |
| International Standard Book Number | 9789383079032 |
| Terms of availability | 220.00 |
| 035 ## - SYSTEM CONTROL NUMBER | |
| System control number | EN-100622 |
| 035 ## - SYSTEM CONTROL NUMBER | |
| System control number | EN-120996 |
| 037 ## - SOURCE OF ACQUISITION | |
| Source of stock number/acquisition | DBAD/PUB |
| 082 ## - DEWEY DECIMAL CLASSIFICATION NUMBER | |
| Classification number | 305.8009145 |
| 245 ## - TITLE STATEMENT | |
| Title | Traditinal culture of the rabhas of Assam : |
| Remainder of title | report based on field investigations / |
| 260 ## - PUBLICATION, DISTRIBUTION, ETC. (IMPRINT) | |
| Place of publication, distribution, etc | Guwahti |
| Name of publisher, distributor, etc | Vivekananda Kendra Institute of culture |
| Date of publication, distribution, etc | 2014 |
| 270 ## - ADDRESS | |
| Address | Riverside,Uzanbazar,MG Road |
| City | Guwahti |
| Postal code | 781001 |
| 300 ## - PHYSICAL DESCRIPTION | |
| Extent | ix,131p : |
| Dimensions | 21cm(Hb) |
| Other physical details | ill |
| 500 ## - GENERAL NOTE | |
| General note | Includes index |
| 942 ## - ADDED ENTRY ELEMENTS (KOHA) | |
| Source of classification or shelving scheme | Dewey Decimal Classification |
| Item type | English Books |
| Classification part | 305.809145 |
| Call number suffix | TRA |
| Withdrawn status | Lost status | Not for loan | Collection code | Home library | Current library | Date acquired | Source of acquisition | Cost, normal purchase price | Full call number | Barcode | Copy number | Cost, replacement price | Koha item type |
|---|---|---|---|---|---|---|---|---|---|---|---|---|---|
| Non-fiction | Narela | Narela | 19/07/2023 | DBAD/PUB | 220.00 | 305.809145 TRA | EN-120996 | 1 | 220.00 | English Books | |||
| Non-fiction | Shahdara Branch | Shahdara Branch | 31/01/2017 | DBAD/PUB | 220.00 | 305.8009145 TRA | EN-100622 | 1 | 220.00 | English Books |
